Imunita štátu v medzinárodnej arbitrážnej a obchodnej praxi

Pokračovanie príspevku z predchádzajúceho čísla.

Gespeichert in:
Bibliographische Detailangaben
1. Verfasser: Chovancová, Katarína
Format: Buchkapitel
Sprache:Slowakisch
Schlagworte:
Tags: Tag hinzufügen
Keine Tags, Fügen Sie das erste Tag hinzu!

MARC

LEADER 00000naa a2200000 4500
001 0237166
005 20220719123511.0
041 0 |a slo 
044 |a SK 
245 1 0 |a Imunita štátu v medzinárodnej arbitrážnej a obchodnej praxi  |c Katarína Chovancová 
520 |a Pokračovanie príspevku z predchádzajúceho čísla. 
610 2 0 |a imunita 
610 2 0 |a štát 
610 2 0 |a ústava 
610 2 0 |a arbitráž obchodná medzinárodná 
100 1 |a Chovancová, Katarína